000 00706nam a2200241Ia 4500
005 20260430150428.0
008 008 250103s9999 xx 000 0 eng d
037 _aTheses
040 _aCRL
040 _beng
040 _ceng
041 _2eng
041 _aeng
084 _qCRL
100 _aSatya Prakash Au.; Deswal Renu Gu.
_91237478
245 0 _aAnalysis of Gold Nanoparticle Protein Corona of Brassica Juncea to Understand Nano-Bio Interactions: A Step towards Sustainable Phytonanotechnology
260 _c2022
300 _a107p.
650 _aBotany
700 _aUniversity of Delhi. Faculty of Science. Deptt.of Botany
_91237479
942 _cTH
999 _c1849758
_d1849758